000 00507nam a2200181Ia 4500
005 20250326124658.0
008 250326s9999 xx 000 0 und d
037 _aTextbook
040 _aFMSL
_beng
_cFMSL
041 _aeng
_2eng
084 _aX:87 K9
_qFMSL
100 _aChampion J M
_9737780
245 0 _aCritical incidents in management
_cChampion J M; Bridges F J
260 _aUSA
_bUSA, Richard D Irwin
_c1969
300 _a205p
942 _cTB
_hX:87 K9
999 _c1274720
_d1274720